[Event "GER-ch 74th"]
[Site "Saarbruecken"]
[Date "2002.11.22"]
[Round "1"]
[White "Baramidze, David"]
[Black "Jussupow, Artur"]
[Result "1/2-1/2"]
[WhiteElo "2390"]
[BlackElo "2622"]
[EventDate "2002.11.22"]
[PlyCount "123"]

1. e4 e6 2. d4 d5 3. Nc3 Bb4 4. e5 Ne7 5. a3 Bxc3+ 6. bxc3 c5 7. Nf3 b6 8. Bb5+ Bd7 9. Bd3 Ba4 10. Bf4 c4 11. Be2 h6 12. h4 Kd7 13. Nd2 b5 14. Nb3 Na6 15. h5 Nc6 16. Bg3 Qg8 17. O-O Qh7 18. Rc1 Rhg8 19. Re1 Rab8 20. Nd2 Nc7 21. Nf1 Ne7 22. Bg4 Nf5 23. Bh2 g6 24. Bh3 Rg7 25. Kh1 Rbg8 26. g4 Ne7 27. Ng3 g5 28. Rf1 Rf8 29. Qe2 Ng8 30. f4 gxf4 31. Rxf4 Rg5 32. Nf1 f5 33. gxf5 Rgxf5 34. Bxf5 Rxf5 35. Rxf5 Qxf5 36. Ne3 Qe4+ 37. Kg1 Ne7 38. Re1 Ne8 39. Qg4 Bxc2 40. Qxe4 Bxe4 41. Ng4 Nf5 42. Kf2 Nfg7 43. Bf4 Nxh5 44. Bxh6 Ke7 45. Rg1 Kf7 46. Ne3 Nhg7 47. Bxg7 Nxg7 48. a4 Ne8 49. axb5 Nc7 50. Ke2 Nxb5 51. Kd2 a6 52. Nd1 Na3 53. Rg3 Bc2 54. Nb2 Bb3 55. Rg1 Nb5 56. Ra1 Nc7 57. Rb1 Nb5 58. Nd3 a5 59. Nc5 a4 60. Nxa4 Bxa4 61. Rb4 Nxc3 62. Kxc3 1/2-1/2

[Event "GER-ch 74th"]
[Site "Saarbruecken"]
[Date "2002.11.22"]
[Round "1"]
[White "Barmbold, Jens"]
[Black "Seger, Ruediger"]
[Result "0-1"]
[WhiteElo "2190"]
[BlackElo "2406"]
[EventDate "2002.11.22"]
[PlyCount "89"]

1. e4 c6 2. c4 d5 3. exd5 cxd5 4. cxd5 Nf6 5. Nc3 Nxd5 6. d4 Nc6 7. Nf3 e6 8. Be3 Be7 9. Rc1 Nxe3 10. fxe3 O-O 11. Bd3 e5 12. O-O exd4 13. exd4 Nxd4 14. Bxh7+ Kxh7 15. Nxd4 Kg8 16. Nf5 Bg5 17. Rc2 Qxd1 18. Nxd1 Be6 19. Nc3 Rac8 20. g4 Bxa2 21. Nd6 Bb3 22. Re2 Bc4 23. Nxc4 Rxc4 24. Ne4 Be7 25. Kg2 Rfc8 26. Nd2 R4c7 27. Kh3 g6 28. Nf3 Kg7 29. Nd2 Bd6 30. Kg2 Rc2 31. Ref2 Bc5 32. Rxf7+ Kg8 33. Rd7 Be3 34. Rd1 Rxb2 35. Kf3 Bxd2 36. R1xd2 Rxd2 37. Rxd2 Rc7 38. Kf4 Kg7 39. h4 Rc4+ 40. Ke5 Rxg4 41. Rd7+ Kh6 42. Rxb7 Rxh4 43. Rxa7 Kg5 44. Rg7 Rh1 45. Ke4 0-1

[Event "GER-ch 74th"]
[Site "Saarbruecken"]
[Date "2002.11.22"]
[Round "1"]
[White "Bastian, Herbert"]
[Black "Naiditsch, Arkadij"]
[Result "0-1"]
[WhiteElo "2376"]
[BlackElo "2586"]
[EventDate "2002.11.22"]
[PlyCount "60"]

1. e4 c5 2. Nc3 d6 3. g3 Nc6 4. Bg2 g6 5. d3 Bg7 6. Be3 Nf6 7. h3 O-O 8. Qd2 Nd4 9. Nce2 e5 10. c3 Ne6 11. f4 exf4 12. gxf4 Nh5 13. Nf3 f5 14. O-O Bd7 15. e5 dxe5 16. Nxe5 Bxe5 17. fxe5 Bc6 18. Nf4 Nhxf4 19. Bxf4 g5 20. Bh2 f4 21. Qe2 Bxg2 22. Kxg2 Qd5+ 23. Qf3 Rad8 24. Rae1 Qxd3 25. Qg4 Qg6 26. Qf3 h5 27. Kh1 Rd3 28. Qxb7 Rxh3 29. Rf3 Rxf3 30. Qxf3 g4 0-1

[Event "GER-ch 74th"]
[Site "Saarbruecken"]
[Date "2002.11.22"]
[Round "1"]
[White "Bischof, Detlef"]
[Black "Siebrecht, Sebastian"]
[Result "0-1"]
[WhiteElo "2268"]
[BlackElo "2426"]
[EventDate "2002.11.22"]
[PlyCount "106"]

1. d4 g6 2. c4 Bg7 3. Nc3 d6 4. Nf3 Nf6 5. g3 O-O 6. Bg2 Nc6 7. O-O a6 8. h3 Rb8 9. Be3 Bd7 10. Rc1 b5 11. Nd2 Ne8 12. d5 Nd4 13. cxb5 axb5 14. b4 Nf5 15. Bf4 e5 16. dxe6 fxe6 17. Nf3 h6 18. e4 Ne7 19. Qd2 g5 20. Be3 Ng6 21. Rfd1 Qe7 22. Kh2 Rf7 23. Bd4 e5 24. Be3 c6 25. Ne2 Ra8 26. Ne1 Ra6 27. Rc2 Bf8 28. f3 Ng7 29. Nc1 Ne6 30. Nb3 h5 31. Kg1 h4 32. g4 Nef4 33. Bf1 Be8 34. Na5 d5 35. Bc5 Qf6 36. exd5 cxd5 37. a4 bxa4 38. Bxa6 Qxa6 39. Qh2 Bb5 40. Bxf8 Kxf8 41. Rc5 Bf1 42. Rc6 Qb5 43. Qc2 Kg7 44. Qd2 Bxh3 45. Nd3 e4 46. Nxf4 Nxf4 47. fxe4 Bxg4 48. exd5 Nh3+ 49. Kh1 Rf1+ 50. Kg2 Rf2+ 51. Qxf2 Nxf2 52. Re1 Qxd5+ 53. Kxf2 Qd2+ 0-1

[Event "GER-ch 74th"]
[Site "Saarbruecken"]
[Date "2002.11.22"]
[Round "1"]
[White "Bischoff, Klaus"]
[Black "Singer, Christoph"]
[Result "1-0"]
[WhiteElo "2554"]
[BlackElo "2341"]
[EventDate "2002.11.22"]
[PlyCount "53"]

1. d4 d5 2. c4 e6 3. Nc3 Be7 4. cxd5 exd5 5. Bf4 c6 6. e3 Bf5 7. Nge2 Qb6 8. Qd2 Nf6 9. f3 O-O 10. g4 Be6 11. Bg2 Na6 12. O-O c5 13. Bg3 cxd4 14. Nxd4 Rac8 15. a3 Nb8 16. g5 Nh5 17. Bxb8 Rxb8 18. f4 Qd8 19. Qe2 g6 20. f5 Bd7 21. f6 Bd6 22. Rad1 Bc6 23. Bf3 Nxf6 24. gxf6 Qxf6 25. Qg2 Qe5 26. Nc2 Bc5 27. Rfe1 1-0

[Event "GER-ch 74th"]
[Site "Saarbruecken"]
[Date "2002.11.22"]
[Round "1"]
[White "Dautov, Rustem"]
[Black "Stewart, Neil"]
[Result "1-0"]
[WhiteElo "2617"]
[BlackElo "2388"]
[EventDate "2002.11.22"]
[PlyCount "83"]

1. d4 f5 2. g3 Nf6 3. Bg2 g6 4. Nf3 Bg7 5. b4 O-O 6. Bb2 d6 7. Nbd2 Qe8 8. O-O Nc6 9. b5 Nd8 10. c4 e5 11. dxe5 Ng4 12. e4 f4 13. Rc1 fxg3 14. hxg3 Nxe5 15. Nxe5 Bxe5 16. Bxe5 Qxe5 17. Nb3 a6 18. a4 Be6 19. f4 Qb2 20. Nd4 Bg4 21. Rc2 Bxd1 22. Rxb2 Bg4 23. b6 Rc8 24. Rc1 Bd7 25. a5 c5 26. Nb3 Bc6 27. Bh3 Rb8 28. Rd1 Nf7 29. Be6 Rbd8 30. Bd5 Bxd5 31. Rxd5 Rde8 32. e5 dxe5 33. Nxc5 exf4 34. Nd7 f3 35. Nf6+ Kg7 36. Nxe8+ Rxe8 37. Rd7 Kf6 38. Rxb7 Ng5 39. Rd7 Nh3+ 40. Kf1 Rc8 41. b7 Rxc4 42. Rd1 1-0

[Event "GER-ch 74th"]
[Site "Saarbruecken"]
[Date "2002.11.22"]
[Round "1"]
[White "Gutman, Lev"]
[Black "Schunk, Thomas"]
[Result "1/2-1/2"]
[WhiteElo "2476"]
[BlackElo "2294"]
[EventDate "2002.11.22"]
[PlyCount "127"]

1. Nf3 c5 2. g3 Nc6 3. d4 cxd4 4. Nxd4 g6 5. Nxc6 bxc6 6. Bg2 Bg7 7. Nd2 h5 8. h4 Nh6 9. Nb3 O-O 10. O-O Ng4 11. Rb1 Qc7 12. Bd2 d5 13. Ba5 Qd6 14. Qd2 Re8 15. Bb4 Qc7 16. Bc3 e5 17. Ba5 Qe7 18. c4 e4 19. Qb4 Be6 20. Qxe7 Rxe7 21. cxd5 cxd5 22. Rfd1 Rc8 23. Nd4 e3 24. Be1 Bxd4 25. Rxd4 Bf5 26. Rbd1 exf2+ 27. Bxf2 Rxe2 28. R1d2 Rc1+ 29. Bf1 Rxd2 30. Rxd2 Ne5 31. Rxd5 Nf3+ 32. Kg2 Be4 33. Rd8+ Kh7 34. g4 hxg4 35. Ba6 Rc2 36. Kg3 Rxb2 37. Bc4 Rb7 38. Be2 g5 39. hxg5 Nxg5 40. Bxg4 f6 41. Bd4 Rf7 42. Kf4 Bb1 43. a3 Kg7 44. Rd6 Nh7 45. Be6 Re7 46. Bd5 Bc2 47. Bc6 a6 48. a4 Bb3 49. a5 Bc2 50. Bf3 Bd3 51. Bc3 Bb5 52. Be4 Rc7 53. Bb2 Rf7 54. Rb6 Nf8 55. Bd5 Ng6+ 56. Kg3 Rf8 57. Rb7+ Kh8 58. Kg4 Ne5+ 59. Kf5 Bd7+ 60. Be6 Bb5 61. Bd4 Bd3+ 62. Kf4 Nc6 63. Bc5 Nd8 64. Re7 1/2-1/2

[Event "GER-ch 74th"]
[Site "Saarbruecken"]
[Date "2002.11.22"]
[Round "1"]
[White "Handke, Florian"]
[Black "Becking, Stephan"]
[Result "1-0"]
[WhiteElo "2504"]
[BlackElo "2315"]
[EventDate "2002.11.22"]
[PlyCount "47"]

1. e4 c5 2. Nf3 Nc6 3. Bb5 a6 4. Bxc6 dxc6 5. d3 Bg4 6. h3 Bxf3 7. Qxf3 Qc7 8. Be3 e5 9. Nd2 Nf6 10. O-O Be7 11. Qe2 g6 12. f4 Nh5 13. fxe5 Ng3 14. Qf2 Nxf1 15. Rxf1 O-O 16. Nf3 b6 17. Bh6 Rfe8 18. Nh2 Qxe5 19. Qxf7+ Kh8 20. Ng4 Qd4+ 21. Rf2 Bh4 22. g3 Bxg3 23. c3 Bxf2+ 24. Kg2 1-0

[Event "GER-ch 74th"]
[Site "Saarbruecken"]
[Date "2002.11.22"]
[Round "1"]
[White "Holzhaeuer, Mathias"]
[Black "Tabatt, Hendrik"]
[Result "1-0"]
[WhiteElo "2407"]
[BlackElo "2222"]
[EventDate "2002.11.22"]
[PlyCount "57"]

1. e4 e5 2. Nf3 Nc6 3. Bb5 Bc5 4. O-O Nf6 5. c3 O-O 6. d3 d6 7. Nbd2 Bb6 8. a4 a6 9. Bxc6 bxc6 10. a5 Ba7 11. d4 exd4 12. Nxd4 Bd7 13. Qf3 Re8 14. Re1 d5 15. e5 Ng4 16. Qg3 f6 17. e6 Bxd4 18. cxd4 Rxe6 19. Rxe6 Bxe6 20. Nb3 g5 21. Nc5 Bc8 22. h4 Qd6 23. hxg5 Qxg3 24. fxg3 Rb8 25. gxf6 Nxf6 26. b3 Rb4 27. Bd2 Rb5 28. Rf1 Ne4 29. Bh6 1-0

[Event "GER-ch 74th"]
[Site "Saarbruecken"]
[Date "2002.11.22"]
[Round "1"]
[White "Kersten, Uwe"]
[Black "Tischbierek, Raj"]
[Result "1/2-1/2"]
[WhiteElo "2331"]
[BlackElo "2523"]
[EventDate "2002.11.22"]
[PlyCount "93"]

1. e4 d6 2. d4 Nf6 3. Nc3 g6 4. Be3 c6 5. h3 b5 6. e5 dxe5 7. dxe5 Qxd1+ 8. Rxd1 Nfd7 9. f4 Na6 10. Nf3 Nc7 11. g3 Bb7 12. Rh2 e6 13. Bg1 Bb4 14. Nd2 f5 15. exf6 Nxf6 16. Bd4 O-O 17. Bxf6 Rxf6 18. Nde4 Rff8 19. Rd7 Rf7 20. Nf6+ Rxf6 21. Rxc7 Rf7 22. Rxf7 Kxf7 23. h4 Ba5 24. Kd1 Rd8+ 25. Bd3 c5 26. Kc1 c4 27. Be4 Ba6 28. Bf3 Bb6 29. Re2 b4 30. Ne4 c3 31. Ng5+ Kg8 32. Rxe6 Bc4 33. Re7 h6 34. Ne4 Kf8 35. Re5 Bxa2 36. Nc5 Rd6 37. b3 Rd2 38. Nd3 Bxb3 39. Nxb4 Bf7 40. Nd5 Rf2 41. Nxb6 Rxf3 42. Nd7+ Kg7 43. Kd1 Bc4 44. Re7+ Kg8 45. Re8+ Kg7 46. Re7+ Kg8 47. Re8+ 1/2-1/2

[Event "GER-ch 74th"]
[Site "Saarbruecken"]
[Date "2002.11.22"]
[Round "1"]
[White "Lentrodt, Thomas"]
[Black "Kalinitschew, Sergey"]
[Result "0-1"]
[WhiteElo "2300"]
[BlackElo "2485"]
[EventDate "2002.11.22"]
[PlyCount "65"]

1. d4 f5 2. Nf3 Nf6 3. g3 g6 4. Bg2 Bg7 5. O-O O-O 6. c4 d6 7. Nc3 Nc6 8. d5 Na5 9. Nd2 c5 10. Qc2 e5 11. dxe6 Bxe6 12. Nd5 Nc6 13. a3 Rb8 14. Nf4 Bf7 15. e3 Qe7 16. Rb1 Ne5 17. Nd5 Nxd5 18. cxd5 b5 19. Nb3 Nc4 20. e4 fxe4 21. Bxe4 Rbe8 22. f3 Qf6 23. a4 a6 24. axb5 axb5 25. h4 h6 26. Qd3 Ra8 27. Kh1 Ra4 28. Nd2 Nb6 29. Qxb5 Rb4 30. Qd3 Rd4 31. Qc2 Nxd5 32. Nb3 Nb4 33. Qc3 0-1

[Event "GER-ch 74th"]
[Site "Saarbruecken"]
[Date "2002.11.22"]
[Round "1"]
[White "Luther, Thomas"]
[Black "Schmidt, Harald"]
[Result "1/2-1/2"]
[WhiteElo "2538"]
[BlackElo "2332"]
[EventDate "2002.11.22"]
[PlyCount "100"]

1. e4 d6 2. d4 Nf6 3. Nc3 g6 4. f4 Bg7 5. Nf3 O-O 6. Bd3 Nc6 7. e5 dxe5 8. fxe5 Nh5 9. Be3 f6 10. exf6 Nxf6 11. Qd2 Bg4 12. O-O-O Nd5 13. Be4 Ncb4 14. Nxd5 Nxd5 15. h3 Bf5 16. Bxf5 Rxf5 17. Bh6 Qd6 18. Bxg7 Kxg7 19. Rhe1 Raf8 20. Re4 Nf4 21. Rde1 Nxg2 22. Rxe7+ Kg8 23. Qxg2 Rxf3 24. c3 Qf4+ 25. Qd2 Rf7 26. Qxf4 R3xf4 27. Kd2 Rf2+ 28. R1e2 Rxe2+ 29. Rxe2 Kf8 30. Rh2 Ke7 31. Ke3 Ke6 32. h4 Rf5 33. Rg2 Rf1 34. h5 Kf5 35. hxg6 hxg6 36. Rh2 Re1+ 37. Kf3 Re7 38. Rh8 Rg7 39. Rf8+ Ke6 40. Kg4 Rf7 41. Re8+ Kd7 42. Re2 Rf5 43. Kg3 Ra5 44. b3 Rf5 45. Rh2 c5 46. dxc5 Rxc5 47. c4 Rh5 48. Re2 Kd6 49. Rd2+ Kc6 50. Kf4 b5 1/2-1/2

[Event "GER-ch 74th"]
[Site "Saarbruecken"]
[Date "2002.11.22"]
[Round "1"]
[White "Mayer, Frank"]
[Black "Kritz, Leonid"]
[Result "1/2-1/2"]
[WhiteElo "2256"]
[BlackElo "2476"]
[EventDate "2002.11.22"]
[PlyCount "94"]

1. c4 e5 2. g3 Nc6 3. Bg2 Nf6 4. Nc3 d6 5. Nf3 Be6 6. d4 exd4 7. Nxd4 Bd7 8. O-O Be7 9. b3 O-O 10. Bb2 Re8 11. Rc1 Bf8 12. Nd5 Ne4 13. Qc2 Nxd4 14. Bxd4 Bf5 15. Qb2 c6 16. Nf4 Ng5 17. Rfd1 Ne6 18. Nxe6 Rxe6 19. f3 d5 20. cxd5 cxd5 21. Bf2 Qe8 22. Bf1 Rd6 23. Bc5 Rd7 24. Qd4 Bxc5 25. Rxc5 Rad8 26. Rdc1 f6 27. e3 Qe5 28. Bb5 Re7 29. Qxe5 Rxe5 30. Kf2 a6 31. Bf1 Kf7 32. Rc7+ Re7 33. Rxe7+ Kxe7 34. Rc7+ Rd7 35. Rxd7+ Kxd7 36. Ke1 Bb1 37. a3 Ba2 38. b4 Kc6 39. Kd2 Bc4 40. Bh3 Kd6 41. f4 b6 42. Kc3 a5 43. bxa5 bxa5 44. Kd4 Ba2 45. Bf1 h6 46. Bd3 Bb3 47. Bh7 Bd1 1/2-1/2

[Event "GER-ch 74th"]
[Site "Saarbruecken"]
[Date "2002.11.22"]
[Round "1"]
[White "Pirrot, Dieter"]
[Black "Langrock, Hannes"]
[Result "1/2-1/2"]
[WhiteElo "2421"]
[BlackElo "2265"]
[EventDate "2002.11.22"]
[PlyCount "107"]

1. e4 c5 2. c3 Nf6 3. e5 Nd5 4. d4 cxd4 5. Nf3 d6 6. cxd4 Nc6 7. Bc4 Nb6 8. Bb3 dxe5 9. d5 Nb4 10. Nc3 e6 11. dxe6 Qxd1+ 12. Kxd1 Bxe6 13. Bxe6 fxe6 14. Be3 Nc4 15. Ke2 Be7 16. Rhc1 O-O 17. Ne4 Nxe3 18. fxe3 Nc6 19. a3 Rad8 20. b4 a6 21. Rc4 Rd5 22. Nc3 Rd7 23. Rd1 Rxd1 24. Nxd1 Rd8 25. Nf2 Rd5 26. Nd3 a5 27. e4 Rd8 28. Ndxe5 Nxe5 29. Nxe5 b5 30. Rc2 axb4 31. Nc6 Rd7 32. Nxe7+ Rxe7 33. axb4 Rd7 34. Rc5 Rd4 35. Rxb5 Rxe4+ 36. Kf3 Re1 37. Rb7 h6 38. h4 h5 39. b5 e5 40. b6 Kh7 41. Rd7 e4+ 42. Kf4 Rb1 43. b7 Rb4 44. Ke3 Kg6 45. Kd2 Rb3 46. g3 Rb1 47. Rc7 Rb5 48. Ke3 Rb4 49. Kf4 Kh7 50. Re7 Kg6 51. Ke5 e3 52. Kd6 Kf6 53. Re6+ Kf7 54. Re7+ 1/2-1/2

[Event "GER-ch 74th"]
[Site "Saarbruecken"]
[Date "2002.11.22"]
[Round "1"]
[White "Riegler, Dieter"]
[Black "Gisbrecht, Ewgeni"]
[Result "0-1"]
[WhiteElo "2233"]
[BlackElo "2414"]
[EventDate "2002.11.22"]
[PlyCount "62"]

1. d4 d5 2. c4 c6 3. Nf3 Nf6 4. Qc2 dxc4 5. e4 b5 6. b3 cxb3 7. axb3 e6 8. Bd2 a5 9. Bd3 h6 10. O-O Be7 11. Re1 Bb7 12. Nc3 Na6 13. Qc1 Nb4 14. Bb1 Rc8 15. Qd1 c5 16. Nxb5 Ba6 17. Bxb4 cxb4 18. Bd3 Qb6 19. Qe2 Bb7 20. d5 exd5 21. exd5 Nxd5 22. Qe4 g6 23. Bc4 O-O 24. Bxd5 Bxd5 25. Qxd5 Rfd8 26. Qe4 Bf6 27. Rad1 Qxb5 28. Qf4 Kg7 29. g3 Rd5 30. Rxd5 Qxd5 31. Rc1 Rxc1+ 0-1

[Event "GER-ch 74th"]
[Site "Saarbruecken"]
[Date "2002.11.22"]
[Round "1"]
[White "Scherer, Max"]
[Black "Gustafsson, Jan"]
[Result "0-1"]
[WhiteElo "2339"]
[BlackElo "2554"]
[EventDate "2002.11.22"]
[PlyCount "108"]

1. c4 Nf6 2. g3 e5 3. Bg2 c6 4. Nf3 e4 5. Nd4 d5 6. Nc3 dxc4 7. Nc2 Bf5 8. Ne3 Bg6 9. Nxc4 Nbd7 10. O-O Be7 11. d4 exd3 12. exd3 O-O 13. d4 Nb6 14. Ne5 Bf5 15. Be3 a5 16. Rc1 a4 17. g4 Be6 18. g5 Nfd5 19. h4 a3 20. b3 Nxc3 21. Rxc3 Nd5 22. Rc2 f6 23. gxf6 Bxf6 24. Qh5 g6 25. Qh6 Bg7 26. Qg5 Bf6 27. Qh6 Bg7 28. Qg5 Nxe3 29. Qxe3 Bf5 30. Rc4 Qxh4 31. d5 Qf6 32. f4 cxd5 33. Bxd5+ Kh8 34. Rb4 Rad8 35. Rd1 g5 36. Rb6 Rd6 37. Rxd6 Qxd6 38. Nc4 Qxf4 39. Qxf4 gxf4 40. Bxb7 Bg4 41. Rd2 f3 42. Ne3 Bh6 43. Kf2 Re8 44. Rd3 Bxe3+ 45. Rxe3 Rxe3 46. Kxe3 Be6 47. Bxf3 Bxb3 48. Be4 h5 49. Bb1 Be6 50. Kd4 h4 51. Kc3 h3 52. Be4 Bxa2 53. Kb4 Bb1 54. Bxb1 h2 0-1

[Event "GER-ch 74th"]
[Site "Saarbruecken"]
[Date "2002.11.22"]
[Round "1"]
[White "Slobodjan, Roman"]
[Black "Schulz, Karsten"]
[Result "1/2-1/2"]
[WhiteElo "2521"]
[BlackElo "2321"]
[EventDate "2002.11.22"]
[PlyCount "71"]

1. e4 g6 2. d4 Bg7 3. Nc3 d6 4. f4 Nc6 5. Be3 Nf6 6. Be2 O-O 7. e5 dxe5 8. fxe5 Nd5 9. Nxd5 Qxd5 10. Nf3 Qe4 11. Qd2 Nb4 12. Qxb4 Qxe3 13. Qxe7 Bf5 14. Qg5 Qxg5 15. Nxg5 Bh6 16. h4 Bxc2 17. Rc1 Be4 18. Kf2 Bc6 19. Rhd1 f6 20. Bc4+ Kh8 21. exf6 Rxf6+ 22. Kg1 Bxg5 23. hxg5 Rd6 24. Bb3 Rad8 25. d5 Bxd5 26. Bxd5 Rxd5 27. Rxd5 Rxd5 28. Rxc7 Ra5 29. Rxb7 Rxa2 30. b4 a6 31. Kh2 Ra3 32. g3 a5 33. Rb8+ Kg7 34. Rb7+ Kg8 35. Rb8+ Kg7 36. Rb7+ 1/2-1/2

[Event "GER-ch 74th"]
[Site "Saarbruecken"]
[Date "2002.11.22"]
[Round "1"]
[White "Vatter, Hans Joachim"]
[Black "Mueller, Karsten"]
[Result "1/2-1/2"]
[WhiteElo "2320"]
[BlackElo "2518"]
[EventDate "2002.11.22"]
[PlyCount "64"]

1. e4 e6 2. d4 d5 3. Nc3 Bb4 4. Bd3 dxe4 5. Bxe4 Nf6 6. Bf3 Nc6 7. Nge2 e5 8. Bxc6+ bxc6 9. O-O Ba6 10. Re1 O-O 11. dxe5 Qxd1 12. Rxd1 Ng4 13. Rd4 Bxc3 14. Nxc3 Nxe5 15. Bf4 Rfe8 16. Rad1 Kf8 17. f3 Nc4 18. Ne4 Nxb2 19. Rb1 Nc4 20. Nc5 Na3 21. Rc1 Nb5 22. Rd3 Bc8 23. a4 Nd6 24. Bxd6+ cxd6 25. Rxd6 Bf5 26. g4 Bg6 27. Kf2 Rad8 28. Rcd1 Rxd6 29. Rxd6 Bxc2 30. Rxc6 Bb1 31. Rc7 Re7 32. Rc8+ Re8 1/2-1/2

[Event "GER-ch 74th"]
[Site "Saarbruecken"]
[Date "2002.11.22"]
[Round "1"]
[White "Zeller, Frank"]
[Black "Schunk, Eduard"]
[Result "1-0"]
[WhiteElo "2454"]
[BlackElo "2297"]
[EventDate "2002.11.22"]
[PlyCount "80"]

1. e4 e5 2. f4 Bc5 3. Nf3 d6 4. Nc3 Nc6 5. Bb5 a6 6. Bxc6+ bxc6 7. fxe5 dxe5 8. Qe2 Qd6 9. d3 Rb8 10. Na4 Ba7 11. b3 Ne7 12. Be3 Bxe3 13. Qxe3 O-O 14. O-O f6 15. Nd2 Rd8 16. Nc4 Qd4 17. Qxd4 Rxd4 18. Rab1 Ng6 19. Nc5 Nf4 20. b4 Ne6 21. Nb3 Rd8 22. Nca5 Bd7 23. a3 Kf7 24. Rbd1 Be8 25. Kf2 Ke7 26. Ke3 Nd4 27. Rd2 Rb6 28. Nc5 Bf7 29. c3 Nb5 30. Na4 Kd7 31. Nxb6+ cxb6 32. Nc4 Kc7 33. Nxe5 Be8 34. Nf3 Nxc3 35. Rc1 Nb5 36. a4 Nd6 37. Nd4 Kb7 38. a5 Nb5 39. Ne6 Rd7 40. Rdc2 Rd6 1-0

[Event "GER-ch 74th"]
[Site "Saarbruecken"]
[Date "2002.11.23"]
[Round "2"]
[White "Becking, Stephan"]
[Black "Barmbold, Jens"]
[Result "0-1"]
[WhiteElo "2315"]
[BlackElo "2190"]
[EventDate "2002.11.22"]
[PlyCount "76"]

1. e4 Nc6 2. Nf3 g6 3. d4 Bg7 4. Nc3 d6 5. Bc4 Nf6 6. d5 Ne5 7. Nxe5 dxe5 8. h3 O-O 9. Bg5 Ne8 10. g4 Nd6 11. Bd3 Bd7 12. Qd2 c5 13. a4 c4 14. Be2 f6 15. Be3 Qa5 16. f3 a6 17. Ra2 f5 18. gxf5 gxf5 19. Bg5 Bf6 20. Bxf6 Rxf6 21. f4 Nf7 22. fxe5 Nxe5 23. Qd4 Qc7 24. d6 Qxd6 25. Nd5 Rg6 26. Ra3 fxe4 27. Bh5 Rg7 28. Rf1 Rd8 29. Nf6+ Kh8 30. Qxd6 exd6 31. Nxe4 d5 32. Nf6 Bc6 33. Re3 Re7 34. Kd2 d4 35. Ree1 Kg7 36. Ng4 Rd5 37. Rf5 c3+ 38. Kc1 Nd3+ 0-1

[Event "GER-ch 74th"]
[Site "Saarbruecken"]
[Date "2002.11.23"]
[Round "2"]
[White "Breutigam, Martin"]
[Black "Lentrodt, Thomas"]
[Result "1-0"]
[WhiteElo "2398"]
[BlackElo "2300"]
[EventDate "2002.11.22"]
[PlyCount "135"]

1. d4 Nf6 2. Nf3 e6 3. e3 b6 4. Bd3 Bb7 5. O-O Be7 6. Nbd2 d5 7. Ne5 O-O 8. f4 c5 9. c3 Ba6 10. Bxa6 Nxa6 11. Nc6 Qd7 12. Nxe7+ Qxe7 13. a4 Rfc8 14. Qe2 Nc7 15. Kh1 Nce8 16. dxc5 Qxc5 17. e4 dxe4 18. Nxe4 Nxe4 19. Qxe4 Nd6 20. Qf3 Qc6 21. Qxc6 Rxc6 22. Rd1 Nc4 23. g4 h5 24. gxh5 Rac8 25. a5 Nxa5 26. Be3 R8c7 27. h6 gxh6 28. Rd8+ Kh7 29. Rg1 f6 30. Rdg8 Nc4 31. Bf2 Rf7 32. h4 Rcc7 33. R8g6 Rg7 34. Rxf6 Rxg1+ 35. Bxg1 Re7 36. Bd4 Nd6 37. h5 Nf5 38. Bf2 Kg7 39. Rg6+ Kf7 40. Bd4 Rd7 41. Kg1 Rd5 42. Be5 a5 43. c4 Rd1+ 44. Kf2 Rc1 45. Bc3 a4 46. Rf6+ Ke7 47. Rg6 Kd7 48. Be5 Rxc4 49. Ke2 b5 50. Kd3 Rc1 51. Rg8 Rh1 52. Kc3 Ne7 53. Rg7 Ke8 54. Kb4 Nc6+ 55. Kxb5 Nxe5 56. fxe5 Rxh5 57. Kxa4 Rxe5 58. b4 Kf8 59. Rh7 h5 60. b5 Kg8 61. Rc7 Re1 62. b6 Rb1 63. b7 h4 64. Rc8+ Kg7 65. b8=Q Rxb8 66. Rxb8 Kg6 67. Rb5 h3 68. Rb3 1-0

[Event "GER-ch 74th"]
[Site "Saarbruecken"]
[Date "2002.11.23"]
[Round "2"]
[White "Gustafsson, Jan"]
[Black "Holzhaeuer, Mathias"]
[Result "1-0"]
[WhiteElo "2554"]
[BlackElo "2407"]
[EventDate "2002.11.22"]
[PlyCount "117"]

1. d4 Nf6 2. c4 e6 3. Nc3 Bb4 4. e3 c5 5. Nge2 cxd4 6. exd4 d5 7. a3 Be7 8. Nf4 O-O 9. cxd5 Nxd5 10. Ncxd5 exd5 11. Bd3 Bg5 12. O-O Nc6 13. Re1 Qd6 14. g3 Bd7 15. Be3 Rfe8 16. Qb3 Rac8 17. Rac1 Na5 18. Qd1 Nc6 19. Rc5 Bxf4 20. Bxf4 Rxe1+ 21. Qxe1 Qe6 22. Qe3 Re8 23. Qxe6 fxe6 24. Be3 Kf7 25. b4 Rc8 26. f3 h6 27. h4 b6 28. Rc1 e5 29. Ba6 Rd8 30. dxe5 Nxe5 31. Kf2 Be6 32. Rc7+ Rd7 33. Rxd7+ Bxd7 34. Bd4 Nc4 35. Bb7 Nxa3 36. Bxd5+ Kf8 37. Bc3 Nb5 38. Bd2 Nc7 39. Be4 Ne6 40. Ke3 Kf7 41. Bd5 Kf8 42. Ke4 Nd8 43. Bf4 Nc6 44. b5 Ne7 45. Bc4 Nc8 46. Bb8 Ke7 47. Ke5 Kd8 48. h5 Ne7 49. g4 Bc8 50. Bxa7 Kc7 51. Bxb6+ Kxb6 52. Kd6 Nf5+ 53. gxf5 Bxf5 54. Ke7 Bc2 55. Kf7 Bd1 56. Kxg7 Bxf3 57. Kxh6 Kc5 58. Bf1 Kd6 59. Kg6 1-0

[Event "GER-ch 74th"]
[Site "Saarbruecken"]
[Date "2002.11.23"]
[Round "2"]
[White "Huebner, Robert"]
[Black "Handke, Florian"]
[Result "1/2-1/2"]
[WhiteElo "2640"]
[BlackElo "2504"]
[EventDate "2002.11.22"]
[PlyCount "84"]

1. d4 Nf6 2. c4 e6 3. Nf3 b6 4. a3 Ba6 5. Qc2 Bb7 6. Nc3 c5 7. e4 cxd4 8. Nxd4 d6 9. Be2 Be7 10. O-O O-O 11. Be3 a6 12. a4 Nc6 13. Nxc6 Bxc6 14. Rfd1 Qc7 15. f3 Bb7 16. a5 bxa5 17. Qa4 Bd8 18. Qa3 Qb8 19. Na4 Bc7 20. Bb6 Rd8 21. Qc3 Bxb6+ 22. Nxb6 Qa7 23. c5 Rab8 24. Rxa5 dxc5 25. Rxd8+ Rxd8 26. Qxc5 Rd2 27. Nc4 Qxc5+ 28. Rxc5 Rxe2 29. Rc7 g5 30. Rxb7 g4 31. Ne5 gxf3 32. gxf3 Nh5 33. Nxf7 Kg7 34. Ne5+ Kf6 35. Ng4+ Kg6 36. b4 Nf4 37. Ne5+ Kf6 38. Nd7+ Kg5 39. Nc5 Re1+ 40. Kf2 Re2+ 41. Kg1 Re1+ 42. Kf2 Re2+ 1/2-1/2

[Event "GER-ch 74th"]
[Site "Saarbruecken"]
[Date "2002.11.23"]
[Round "2"]
[White "Kalinitschew, Sergey"]
[Black "Graf, Alexander"]
[Result "0-1"]
[WhiteElo "2485"]
[BlackElo "2635"]
[EventDate "2002.11.22"]
[PlyCount "74"]

1. d4 Nf6 2. c4 e6 3. Nf3 b6 4. g3 Ba6 5. Qa4 Be7 6. Bg2 O-O 7. Ne5 c6 8. Nc3 Qe8 9. O-O d5 10. Bf4 Bxc4 11. Nxc4 b5 12. Qa5 bxc4 13. b3 cxb3 14. axb3 Qd8 15. Qxd8 Rxd8 16. Na4 Na6 17. Rfc1 Rdc8 18. Bf1 Nd7 19. Bd2 Kf8 20. e3 Nb4 21. Bxb4 Bxb4 22. Rc2 Ke7 23. Ba6 Rc7 24. Nb2 Rb8 25. Be2 Bd6 26. Rc3 c5 27. Nd3 cxd4 28. Rxc7 Bxc7 29. exd4 Bb6 30. Nb4 Rc8 31. Ra4 Rc3 32. Bb5 Nb8 33. Na6 Nxa6 34. Bxa6 Rxb3 35. Kf1 Rb2 36. Bd3 Rd2 37. Bxh7 g6 0-1

[Event "GER-ch 74th"]
[Site "Saarbruecken"]
[Date "2002.11.23"]
[Round "2"]
[White "Kritz, Leonid"]
[Black "Vatter, Hans Joachim"]
[Result "1-0"]
[WhiteElo "2476"]
[BlackElo "2320"]
[EventDate "2002.11.22"]
[PlyCount "59"]

1. e4 c5 2. Nf3 e6 3. d4 cxd4 4. Nxd4 a6 5. c4 Nf6 6. Nc3 d6 7. Be2 Qc7 8. Be3 Be7 9. Rc1 O-O 10. g4 Nc6 11. g5 Nd7 12. h4 Nxd4 13. Qxd4 b6 14. h5 e5 15. Qd2 Bb7 16. Bg4 Nc5 17. f3 Qd8 18. g6 Bc8 19. Bxc8 Rxc8 20. Nd5 b5 21. cxb5 axb5 22. b4 fxg6 23. hxg6 hxg6 24. bxc5 dxc5 25. Nxe7+ Qxe7 26. Qd5+ Rf7 27. Rxc5 Rd8 28. Qxe5 Qa7 29. Qh2 Rxf3 30. Qh7+ 1-0

[Event "GER-ch 74th"]
[Site "Saarbruecken"]
[Date "2002.11.23"]
[Round "2"]
[White "Langrock, Hannes"]
[Black "Mueller, Matthias"]
[Result "1/2-1/2"]
[WhiteElo "2265"]
[BlackElo "2403"]
[EventDate "2002.11.22"]
[PlyCount "87"]

1. e4 e5 2. Nf3 Nc6 3. Bb5 a6 4. Bxc6 dxc6 5. O-O f6 6. d4 Bg4 7. dxe5 Qxd1 8. Rxd1 fxe5 9. Rd3 Bd6 10. Nbd2 b5 11. b3 Ne7 12. Bb2 Ng6 13. g3 O-O 14. Kg2 Rf6 15. Ng1 Rf7 16. f3 Bd7 17. Nh3 Nf8 18. Nf2 Re8 19. Re3 Ne6 20. Nd3 Nd4 21. Rc1 c5 22. c3 Nc6 23. Ba3 Rd8 24. Nb1 c4 25. bxc4 bxc4 26. Bxd6 cxd6 27. Nb4 Rb8 28. Nxc6 Rb2+ 29. Kg1 Bxc6 30. Na3 Rxa2 31. Nxc4 Rb7 32. Rd3 h5 33. Rxd6 Bd7 34. Rd2 Rxd2 35. Nxd2 Be6 36. Kf2 Rb2 37. Ke3 Ra2 38. f4 exf4+ 39. gxf4 a5 40. f5 Bd7 41. Rb1 Kf8 42. Rb7 Be8 43. e5 a4 44. Nf3 1/2-1/2